000 00869nam a2200229Ia 4500
001 A933-35624
003 IT-CnALBA
008 170116s9999||||xx |||||||||||||| ||und||
040 _aIT-CnALBA
_cIT-CnALBA
041 _aITALIANO
100 _aRYCAUT.
245 0 _aDELL'ISTORIA DELLO STATO PRESENTE DELL'IMPERO OTTOMANO.
250 _a1a ed.
260 _aS.C.
_bS.e.
_c1671 [1° Ed.:1671 - Ed.Ling.Originale: 1671]
300 _a294 p.
500 _aPREFAZIONE. MASSIME POLITICHE DEI TURCHI. RELIGIONE. ESERCITO. TRADUZIONE DAL FRANCESE DI BELLI A.
501 _aSocietà San Paolo EM - Piazza San Paolo, 14 - 12051 ALBA (CN) (non commercial uses only) ® Copyright 2017
520 _aPREFAZIONE. MASSIME POLITICHE DEI TURCHI. RELIGIONE. ESERCITO. TRADUZIONE DAL FRANCESE DI BELLI A.
650 _aNAZIONI ESTERE
942 _cBK
957 _71
999 _a40388
_bSI
_g Copie: 1
_c294451
_d294451